Pilotes de Formule 1 en 2013 - Statistiques

Statistiques générales
  • Ce quiz a été pris 40 fois
  • Le résultat moyen est 18 sur 23
Statistiques - réponses
Ecurie Numéro Nationalité Nom du pilote Grand Prix disputés % Correct
Mercedes 10 Britannique Hamilton Tous
100%
Ferrari 3 Espagnol Alonso Tous
97%
Lotus 7 Finlandais Raikkonen Tous sauf Austin et Interlagos pour se faire opérer du dos
97%
Redbull 1 Allemand Vettel Tous
97%
Mclaren 5 Britannique Button Tous
94%
Ferrari 4 Brésilien Massa Tous
94%
Mclaren 6 Mexicain Pérez Tous
94%
Mercedes 9 Allemand Rosberg Tous
94%
Redbull 2 Australien Webber Tous
94%
Lotus 8 Français Grosjean Tous
91%
Toro Rosso 19 Australien Ricciardo Tous
88%
Williams 16 Vénézuélien Maldonado Tous
85%
Marussia 22 Français Bianchi Tous
82%
Williams 17 Finlandais Bottas Tous
82%
Sauber 11 Allemand Hülkenberg Tous
79%
Lotus 7 Finlandais Kovalainen Austin et Interlagos
79%
Toro Rosso 18 Français Vergne Tous
79%
Caterham 20 Français Pic Tous
70%
Sauber 12 Mexicain Gutiérrez Tous
61%
Force India 14 Britannique di Resta Tous
45%
Force India 15 Allemand Sutil Tous
45%
Marussia 23 Britannique Chilton Tous
42%
Caterham 21 Néerlandais van der Garde Tous
39%
Aucun quiz correspondant
Distribution des résultats
% des personnes avec chaque résultat
Percentile par nombre de réponses
Votre historique - résultats
Vous n’avez pas pris ce quiz